Cycling - World Tour Teams 2025 - Statistics

General Stats
  • This quiz has been taken 132 times
  • The average score is 8 of 18
Answer Stats
Country of origin Team % Correct
Netherlands Visma - Lease a Bike
72%
USA Lidl - Trek
69%
Spain Movistar
68%
Belgium Soudal Quick-Step
66%
Australia Jayco AlUla
56%
Germany Red Bull - Bora - Hansgrohe
51%
United Kingdom Ineos Grenadiers
50%
Bahrain Bahrain-Victorious
49%
France Cofidis
49%
France Groupama - FDJ
46%
Belgium Alpecin-Deceuninck
38%
Netherlands Picnic PostNL
38%
Belgium Intermarché-Wanty
36%
United Arab Emirates UAE Team Emirates - XRG
35%
USA EF Education - EasyPost
33%
Kazakhstan XDS Astana
31%
France Decathlon AG2R La Mondiale
27%
France Arkea-B&B Hotels
26%
No matching quizzes found
Score Distribution
Percent of People with Each Score
Percentile by Number Answered
Your Score History
You have not taken this quiz